| 000 | 00724nam a2200241Ia 4500 | ||
|---|---|---|---|
| 003 | OSt | ||
| 005 | 20240927121417.0 | ||
| 008 | 220927b |||||||| |||| 00| 0 eng d | ||
| 020 | _a0631219072 | ||
| 040 |
_aSDCL _cSDCL _beng |
||
| 041 |
_2eng _aeng |
||
| 082 | _aR P3 | ||
| 100 |
_aBunnin, Nicholas and James, E. P. Tsui. Ed. _9471814 |
||
| 245 | 0 | _aBlackwell companion to philosophy. | |
| 250 | _a2 | ||
| 260 |
_aOxford: _bBlackwell Publishing, _c2003. |
||
| 300 | _axviii,951p. | ||
| 490 | _aBlackwell companion to philosophy. | ||
| 650 | _aPhilosophy | ||
| 700 |
_a Tsui-James E P Ed. _9458947 |
||
| 942 |
_hR P3 _cTEXL _2CC |
||
| 999 |
_c784389 _d784389 |
||